| 000 | 00884cam a2200289 a 4500 | ||
|---|---|---|---|
| 999 |
_c529085 _d529085 |
||
| 001 | 12309507 | ||
| 003 | NUST | ||
| 005 | 20190919125616.0 | ||
| 008 | 001019s2000 pk ab 000 0 eng | ||
| 010 | _a 00312643 | ||
| 025 | _aP-E-00312643; 12 | ||
| 035 | _a(DLC) 00312643 | ||
| 038 | _aMSOHAIL | ||
| 040 |
_aDLC _cDLC _dDLC |
||
| 042 | _alcode | ||
| 043 | _aa-pk--- | ||
| 050 | 0 | 0 |
_aDS376.8 _b.C58 2000 |
| 082 | 0 | 0 |
_a915.491045 _221 |
| 100 | 1 |
_aChughtai, Maqsood Ahmad. _920946 |
|
| 245 | 1 | 0 |
_aPakistan Travel Handbook _cMaqsood Ahmad Chughtai. |
| 260 |
_aLahore : _bJahangir Book Depot, _c2000. |
||
| 300 |
_a176 p. : _bcol. ill., maps ; _c23 cm. |
||
| 651 | 0 |
_aPakistan _vGuidebooks. _94788 |
|
| 906 |
_a7 _bcbc _corigode _d3 _encip _f20 _gy-gencatlg |
||
| 942 |
_2ddc _cBK |
||